| 000 | 00432 a2200157 4500 | ||
|---|---|---|---|
| 999 |
_c9921 _d9921 |
||
| 020 | _aNO ISBN | ||
| 050 | _aKQERHO1980 | ||
| 245 |
_aZimbabwe Government Gazette : _b(Part 5) .687-861 / |
||
| 264 |
_aSalisbury: Zimbabwe _bAuthority, _c1980 |
||
| 300 | _a4314p. : | ||
| 500 | _aincludes index | ||
| 650 | _aConstitution...Zimbabwe | ||
| 650 | _aCustoms and Exercise act | ||
| 651 | _aZimbabwe | ||
| 942 |
_2lcc _cSERIALS _h512 _iRHO _kKQE |
||